[Event "Rapid 2018"]
[Site "Saint-Petersburg"]
[Date "2018.12.28"]
[Round "13"]
[Board "44"]
[White "Kevlishvili Robby (NED)"]
[Black "Inarkiev Ernesto (RUS)"]
[Result "0-1"]
[LiveChessVersion "1.4.8"]
[BlackElo "2624"]
[WhiteElo "2451"]

1. e4 {[%clk 0:15:18]} c5 {[%clk 0:15:20]} 2. Nf3 {[%clk 0:15:26]} e6
{[%clk 0:15:29]} 3. d4 {[%clk 0:15:34]} cxd4 {[%clk 0:15:38]} 4. Nxd4
{[%clk 0:15:42]} Nc6 {[%clk 0:15:47]} 5. Nc3 {[%clk 0:15:47]} Qc7
{[%clk 0:15:56]} 6. Qd3 {[%clk 0:15:53]} a6 {[%clk 0:15:10]} 7. Nxc6
{[%clk 0:16:01]} Qxc6 {[%clk 0:15:19]} 8. Qg3 {[%clk 0:16:07]} b5
{[%clk 0:15:20]} 9. a3 {[%clk 0:16:04]} Bb7 {[%clk 0:14:55]} 10. Bd3
{[%clk 0:16:12]} Nf6 {[%clk 0:14:51]} 11. O-O {[%clk 0:16:10]} h5
{[%clk 0:13:50]} 12. e5 {[%clk 0:14:43]} Nd5 {[%clk 0:13:16]} 13. Nxd5
{[%clk 0:13:20]} Qxd5 {[%clk 0:13:24]} 14. h4 {[%clk 0:12:48]} Be7
{[%clk 0:07:44]} 15. Bg5 {[%clk 0:12:49]} f6 {[%clk 0:07:53]} 16. Bg6+
{[%clk 0:11:19]} Kd8 {[%clk 0:08:03]} 17. Bf4 {[%clk 0:11:21]} f5
{[%clk 0:07:29]} 18. Rad1 {[%clk 0:11:14]} Qc4 {[%clk 0:07:05]} 19. Rd3
{[%clk 0:10:39]} Bc6 {[%clk 0:06:23]} 20. Rfd1 {[%clk 0:09:29]} Kc7
{[%clk 0:06:22]} 21. Rc3 {[%clk 0:08:59]} Qe2 {[%clk 0:06:11]} 22. Rd2
{[%clk 0:07:16]} Qg4 {[%clk 0:06:20]} 23. Qxg4 {[%clk 0:07:19]} hxg4
{[%clk 0:06:29]} 24. h5 {[%clk 0:07:28]} b4 {[%clk 0:06:33]} 25. Rcd3
{[%clk 0:07:22]} bxa3 {[%clk 0:06:23]} 26. bxa3 {[%clk 0:07:31]} Rab8
{[%clk 0:06:28]} 27. f3 {[%clk 0:06:52]} Bc5+ {[%clk 0:05:36]} 28. Kh2
{[%clk 0:07:00]} gxf3 {[%clk 0:05:40]} 29. gxf3 {[%clk 0:07:08]} Rb1
{[%clk 0:05:45]} 30. Rc3 {[%clk 0:06:29]} Bg1+ {[%clk 0:05:08]} 31. Kh3
{[%clk 0:06:35]} Bb6 {[%clk 0:05:13]} 32. Rd6 {[%clk 0:06:38]} Rh1+
{[%clk 0:03:58]} 33. Bh2 {[%clk 0:06:31]} Bg1 {[%clk 0:04:07]} 34. Kg2
{[%clk 0:06:28]} Rxh2+ {[%clk 0:04:16]} 35. Kxg1 {[%clk 0:06:35]} Re2
{[%clk 0:04:25]} 36. Rcxc6+ {[%clk 0:06:28]} dxc6 {[%clk 0:04:34]} 37. Rxe6
{[%clk 0:06:33]} Rd8 {[%clk 0:04:36]} 38. Re7+ {[%clk 0:06:31]} Kb6
{[%clk 0:04:44]} 39. Kf1 {[%clk 0:06:32]} Rxc2 {[%clk 0:04:01]} 40. Ke1
{[%clk 0:06:41]} Rdd2 {[%clk 0:03:51]} 41. Bxf5 {[%clk 0:06:18]} Ra2
{[%clk 0:03:59]} 42. Bb1 {[%clk 0:05:27]} Rab2 {[%clk 0:04:07]} 43. Re8
{[%clk 0:04:41]} Kc5 {[%clk 0:04:00]} 44. e6 {[%clk 0:02:04]} Rh2
{[%clk 0:03:57]} 45. Bd3 {[%clk 0:02:12]} Rh1+ {[%clk 0:04:06]} 46. Bf1
{[%clk 0:02:20]} Rb1+ {[%clk 0:04:15]} 0-1

[Event "Rapid 2018"]
[Site "Saint-Petersburg"]
[Date "2018.12.28"]
[Round "13"]
[Board "46"]
[White "Bazeev German (RUS)"]
[Black "Smirin Ilia (ISR)"]
[Result "1-0"]
[LiveChessVersion "1.4.8"]
[BlackElo "2601"]
[WhiteElo "2418"]

1. d4 {[%clk 0:15:17]} Nf6 {[%clk 0:15:20]} 2. Nf3 {[%clk 0:15:25]} g6
{[%clk 0:15:29]} 3. c4 {[%clk 0:15:34]} Bg7 {[%clk 0:15:38]} 4. Nc3
{[%clk 0:15:43]} d6 {[%clk 0:15:45]} 5. Bg5 {[%clk 0:15:50]} h6 {[%clk 0:15:47]}
6. Bh4 {[%clk 0:15:58]} g5 {[%clk 0:15:56]} 7. Bg3 {[%clk 0:16:07]} Nh5
{[%clk 0:16:03]} 8. e3 {[%clk 0:16:14]} Nd7 {[%clk 0:16:00]} 9. Nd2
{[%clk 0:16:19]} Ndf6 {[%clk 0:15:12]} 10. Nd5 {[%clk 0:16:11]} Nxg3
{[%clk 0:14:35]} 11. Nxf6+ {[%clk 0:16:18]} exf6 {[%clk 0:14:44]} 12. hxg3
{[%clk 0:16:23]} f5 {[%clk 0:14:50]} 13. Qc2 {[%clk 0:16:25]} c5 {[%clk 0:14:30]}
14. dxc5 {[%clk 0:16:02]} dxc5 {[%clk 0:14:27]} 15. Bd3 {[%clk 0:13:20]} Qf6
{[%clk 0:14:15]} 16. O-O-O {[%clk 0:13:24]} O-O {[%clk 0:13:47]} 17. f4
{[%clk 0:12:42]} Re8 {[%clk 0:13:21]} 18. Rhe1 {[%clk 0:12:41]} Bd7
{[%clk 0:12:53]} 19. e4 {[%clk 0:07:43]} gxf4 {[%clk 0:12:43]} 20. gxf4
{[%clk 0:07:51]} Ba4 {[%clk 0:11:49]} 21. b3 {[%clk 0:07:54]} fxe4
{[%clk 0:11:24]} 22. Nxe4 {[%clk 0:07:44]} Qxf4+ {[%clk 0:10:52]} 23. Qd2
{[%clk 0:07:45]} Qxd2+ {[%clk 0:10:11]} 24. Kxd2 {[%clk 0:07:37]} Bc6
{[%clk 0:10:19]} 25. Nxc5 {[%clk 0:07:23]} Bxg2 {[%clk 0:09:28]} 26. Kc2
{[%clk 0:06:33]} Bf3 {[%clk 0:09:12]} 27. Rxe8+ {[%clk 0:06:14]} Rxe8
{[%clk 0:09:21]} 28. Rf1 {[%clk 0:06:23]} Bc6 {[%clk 0:09:09]} 29. b4
{[%clk 0:06:29]} Re5 {[%clk 0:07:34]} 30. Nb3 {[%clk 0:06:26]} Rg5
{[%clk 0:06:52]} 31. b5 {[%clk 0:06:27]} Rg2+ {[%clk 0:05:22]} 32. Kc1
{[%clk 0:06:23]} Bd7 {[%clk 0:05:05]} 33. a4 {[%clk 0:04:50]} Ra2
{[%clk 0:04:06]} 34. a5 {[%clk 0:04:23]} h5 {[%clk 0:03:43]} 35. Bf5
{[%clk 0:04:18]} Be8 {[%clk 0:03:05]} 36. Rd1 {[%clk 0:04:04]} Bf6
{[%clk 0:02:00]} 37. Be4 {[%clk 0:03:27]} b6 {[%clk 0:01:24]} 38. Bc6
{[%clk 0:02:58]} Bxc6 {[%clk 0:00:42]} 39. bxc6 {[%clk 0:03:07]} Be5
{[%clk 0:00:51]} 40. Rh1 {[%clk 0:01:45]} Ra4 {[%clk 0:00:34]} 41. c5
{[%clk 0:01:38]} bxa5 {[%clk 0:00:18]} 42. Rxh5 {[%clk 0:01:44]} Bc7
{[%clk 0:00:27]} 43. Rd5 {[%clk 0:01:47]} Rc4+ {[%clk 0:00:31]} 44. Kb2
{[%clk 0:01:36]} a4 {[%clk 0:00:38]} 45. Nd2 {[%clk 0:01:45]} Rg4
{[%clk 0:00:15]} 46. Rd7 {[%clk 0:01:43]} Be5+ {[%clk 0:00:23]} 47. Kc2
{[%clk 0:01:35]} a3 {[%clk 0:00:12]} 48. c7 {[%clk 0:01:33]} Bxc7
{[%clk 0:00:21]} 49. Rxc7 {[%clk 0:01:43]} Ra4 {[%clk 0:00:28]} 50. Kb1
{[%clk 0:01:42]} Kf8 {[%clk 0:00:30]} 51. Nf3 {[%clk 0:01:40]} Ke8
{[%clk 0:00:31]} 52. Ne5 {[%clk 0:01:47]} f6 {[%clk 0:00:33]} 53. Nf7
{[%clk 0:01:52]} Ra5 {[%clk 0:00:23]} 54. c6 {[%clk 0:01:44]} a2+
{[%clk 0:00:30]} 55. Ka1 {[%clk 0:01:53]} Rd5 {[%clk 0:00:33]} 56. Rxa7
{[%clk 0:01:49]} f5 {[%clk 0:00:40]} 57. Ra8+ {[%clk 0:01:40]} Kxf7 58. c7 Rc5
{[%clk 0:00:51]} 59. c8=Q {[%clk 0:01:58]} Rxc8 {[%clk 0:01:00]} 60. Rxc8
{[%clk 0:02:06]} Kf6 {[%clk 0:01:04]} 61. Kxa2 {[%clk 0:02:13]} Ke5
{[%clk 0:01:11]} 62. Kb2 1-0

[Event "Rapid 2018"]
[Site "Saint-Petersburg"]
[Date "2018.12.28"]
[Round "13"]
[Board "48"]
[White "Sjugirov Sanan (RUS)"]
[Black "Tregubov Pavel V. (RUS)"]
[Result "1-0"]
[LiveChessVersion "1.4.8"]
[BlackElo "2553"]
[WhiteElo "2722"]

1. d4 {[%clk 0:15:18]} Nf6 {[%clk 0:15:19]} 2. c4 {[%clk 0:15:27]} e6
{[%clk 0:15:28]} 3. Nc3 {[%clk 0:15:35]} Bb4 {[%clk 0:15:37]} 4. Qc2
{[%clk 0:15:45]} c5 {[%clk 0:15:45]} 5. dxc5 {[%clk 0:15:53]} O-O
{[%clk 0:15:53]} 6. a3 {[%clk 0:13:34]} Bxc5 {[%clk 0:16:01]} 7. Nf3
{[%clk 0:13:35]} b6 {[%clk 0:16:09]} 8. e4 {[%clk 0:11:41]} Ng4 {[%clk 0:14:32]}
9. b4 {[%clk 0:10:34]} Bxf2+ {[%clk 0:12:09]} 10. Ke2 {[%clk 0:10:42]} Bh4
{[%clk 0:12:11]} 11. h3 {[%clk 0:09:56]} Nf2 {[%clk 0:12:08]} 12. Rg1
{[%clk 0:10:02]} f5 {[%clk 0:09:51]} 13. Be3 {[%clk 0:06:23]} Bb7
{[%clk 0:08:27]} 14. Nxh4 {[%clk 0:05:32]} Nxe4 {[%clk 0:08:17]} 15. Nf3
{[%clk 0:05:39]} Qf6 {[%clk 0:05:08]} 16. Rc1 {[%clk 0:05:33]} d6
{[%clk 0:05:16]} 17. Ke1 {[%clk 0:04:57]} Nd7 {[%clk 0:04:35]} 18. Bd3
{[%clk 0:05:03]} Nxc3 {[%clk 0:03:12]} 19. Qxc3 {[%clk 0:05:11]} e5
{[%clk 0:03:21]} 20. Be2 {[%clk 0:04:36]} Rac8 {[%clk 0:02:55]} 21. Qb2
{[%clk 0:03:02]} f4 {[%clk 0:03:01]} 22. Bf2 {[%clk 0:03:10]} d5 {[%clk 0:02:34]}
23. cxd5 {[%clk 0:03:05]} e4 {[%clk 0:01:54]} 24. Bd4 {[%clk 0:03:11]} Rxc1+
{[%clk 0:01:48]} 25. Qxc1 {[%clk 0:03:19]} Qd6 {[%clk 0:00:41]} 26. Nd2
{[%clk 0:02:20]} Rc8 {[%clk 0:00:15]} 27. Qb2 {[%clk 0:02:24]} Qg6
{[%clk 0:00:13]} 28. Bg4 {[%clk 0:02:18]} e3 {[%clk 0:00:20]} 29. Be6+
{[%clk 0:01:39]} Kf8 {[%clk 0:00:11]} 30. Kd1 {[%clk 0:00:44]} Qd3
{[%clk 0:00:13]} 31. Bxd7 {[%clk 0:00:38]} e2+ {[%clk 0:00:17]} 32. Ke1
{[%clk 0:00:47]} Rc2 {[%clk 0:00:14]} 33. Bxg7+ {[%clk 0:00:54]} Ke7
{[%clk 0:00:23]} 34. Qf6+ {[%clk 0:01:00]} Kxd7 {[%clk 0:00:32]} 35. Qe6+
{[%clk 0:01:00]} Kd8 {[%clk 0:00:33]} 36. Bf6+ {[%clk 0:01:06]} Kc7
{[%clk 0:00:42]} 37. Qe5+ {[%clk 0:01:01]} Kd7 {[%clk 0:00:44]} 38. Qe7+
{[%clk 0:01:10]} 1-0

[Event "Rapid 2018"]
[Site "Saint-Petersburg"]
[Date "2018.12.28"]
[Round "13"]
[Board "49"]
[White "Bocharov Dmitry (RUS)"]
[Black "Popov Ivan (RUS)"]
[Result "1-0"]
[LiveChessVersion "1.4.8"]
[BlackElo "2542"]
[WhiteElo "2683"]

1. Nf3 {[%clk 0:15:16]} d5 {[%clk 0:15:19]} 2. e3 {[%clk 0:15:24]} Nf6
{[%clk 0:15:26]} 3. c4 {[%clk 0:15:32]} dxc4 {[%clk 0:15:33]} 4. Bxc4
{[%clk 0:15:39]} c5 {[%clk 0:15:41]} 5. O-O {[%clk 0:15:35]} e6 {[%clk 0:15:10]}
6. Qe2 {[%clk 0:15:37]} Nc6 {[%clk 0:15:13]} 7. Rd1 {[%clk 0:15:41]} a6
{[%clk 0:15:14]} 8. a3 {[%clk 0:13:19]} b5 {[%clk 0:14:56]} 9. Ba2
{[%clk 0:13:26]} Be7 {[%clk 0:13:13]} 10. d4 {[%clk 0:13:16]} cxd4
{[%clk 0:13:21]} 11. exd4 {[%clk 0:12:58]} O-O {[%clk 0:13:28]} 12. Nc3
{[%clk 0:13:05]} b4 {[%clk 0:13:35]} 13. d5 {[%clk 0:10:03]} bxc3
{[%clk 0:13:01]} 14. dxc6 {[%clk 0:09:55]} Qc7 {[%clk 0:08:39]} 15. Qc4
{[%clk 0:08:12]} Nd5 {[%clk 0:08:45]} 16. bxc3 {[%clk 0:07:24]} a5
{[%clk 0:08:53]} 17. Bd2 {[%clk 0:05:01]} Ba6 {[%clk 0:08:34]} 18. Qa4
{[%clk 0:04:55]} Be2 {[%clk 0:07:58]} 19. Rdb1 {[%clk 0:04:49]} Bxf3
{[%clk 0:07:59]} 20. gxf3 {[%clk 0:04:56]} Bf6 {[%clk 0:04:26]} 21. Bxd5
{[%clk 0:03:50]} exd5 {[%clk 0:04:34]} 22. Rb7 {[%clk 0:03:56]} Qd6
{[%clk 0:04:19]} 23. Rd7 {[%clk 0:03:50]} Qc5 {[%clk 0:03:57]} 24. Be3
{[%clk 0:03:37]} Qxc3 {[%clk 0:04:04]} 25. Rc1 {[%clk 0:03:45]} Qd3
{[%clk 0:03:56]} 26. Qd1 {[%clk 0:02:56]} Qg6+ {[%clk 0:03:04]} 27. Kh1
{[%clk 0:03:02]} Bb2 {[%clk 0:02:49]} 28. Rc2 {[%clk 0:02:27]} Bxa3
{[%clk 0:02:57]} 29. c7 {[%clk 0:02:13]} Rac8 {[%clk 0:02:56]} 30. Rxd5
{[%clk 0:02:02]} Be7 {[%clk 0:01:18]} 31. Rxa5 {[%clk 0:01:59]} h6
{[%clk 0:01:07]} 32. Rd5 {[%clk 0:01:57]} Qf6 {[%clk 0:01:07]} 33. Rd7
{[%clk 0:01:52]} Rfe8 {[%clk 0:01:05]} 34. Qd5 {[%clk 0:01:44]} Qa6
{[%clk 0:00:56]} 35. Qc4 {[%clk 0:01:19]} Qf6 {[%clk 0:00:56]} 36. Qc6
{[%clk 0:00:52]} Qf5 {[%clk 0:00:46]} 37. Kg2 {[%clk 0:00:36]} Bf6
{[%clk 0:00:39]} 38. Rc4 {[%clk 0:00:37]} h5 {[%clk 0:00:24]} 39. Qd5
{[%clk 0:00:25]} Qg6+ {[%clk 0:00:30]} 40. Kh3 {[%clk 0:00:27]} Re5
{[%clk 0:00:17]} 41. Qd3 {[%clk 0:00:27]} Rf5 {[%clk 0:00:16]} 42. Qe4
{[%clk 0:00:23]} Kh7 {[%clk 0:00:17]} 43. Rc5 {[%clk 0:00:28]} Rxc5
{[%clk 0:00:20]} 44. Bxc5 {[%clk 0:00:28]} Qxe4 {[%clk 0:00:13]} 45. fxe4
{[%clk 0:00:37]} Be5 {[%clk 0:00:19]} 46. Bb6 {[%clk 0:00:36]} Kg6
{[%clk 0:00:28]} 47. Rd8 {[%clk 0:00:34]} Rxc7 {[%clk 0:00:31]} 48. Bxc7
{[%clk 0:00:42]} Bxc7 {[%clk 0:00:40]} 49. Rd5 {[%clk 0:00:45]} f6
{[%clk 0:00:36]} 50. Rf5 {[%clk 0:00:36]} Kh6 {[%clk 0:00:33]} 51. f4
{[%clk 0:00:28]} Bb6 {[%clk 0:00:18]} 52. Kg3 {[%clk 0:00:27]} Bd4
{[%clk 0:00:14]} 53. Rd5 {[%clk 0:00:29]} Ba7 {[%clk 0:00:12]} 54. Kf3
{[%clk 0:00:30]} Kg6 {[%clk 0:00:14]} 55. Rd6 {[%clk 0:00:25]} Bc5
{[%clk 0:00:11]} 56. Rc6 {[%clk 0:00:33]} Be7 {[%clk 0:00:12]} 57. h3
{[%clk 0:00:32]} Bb4 {[%clk 0:00:17]} 58. Rc8 {[%clk 0:00:32]} Bd2
{[%clk 0:00:22]} 59. Rh8 {[%clk 0:00:35]} Be1 {[%clk 0:00:19]} 60. f5+
{[%clk 0:00:29]} Kf7 {[%clk 0:00:25]} 61. Rxh5 {[%clk 0:00:26]} Kg8
{[%clk 0:00:26]} 62. Kg2 {[%clk 0:00:33]} 1-0

[Event "Rapid 2018"]
[Site "Saint-Petersburg"]
[Date "2018.12.28"]
[Round "13"]
[Board "50"]
[White "Melkumyan Hrant (ARM)"]
[Black "Sokolin Leonid (USA)"]
[Result "1-0"]
[LiveChessVersion "1.4.8"]
[BlackElo "2508"]
[WhiteElo "2672"]

1. e4 {[%clk 0:15:17]} e6 {[%clk 0:15:19]} 2. d4 {[%clk 0:15:25]} d5
{[%clk 0:15:29]} 3. Bd3 {[%clk 0:15:34]} dxe4 {[%clk 0:15:26]} 4. Bxe4
{[%clk 0:15:42]} Nf6 {[%clk 0:15:30]} 5. Bf3 {[%clk 0:15:51]} Nbd7
{[%clk 0:15:31]} 6. Nc3 {[%clk 0:15:05]} Bb4 {[%clk 0:14:53]} 7. Nge2
{[%clk 0:15:10]} e5 {[%clk 0:13:27]} 8. O-O {[%clk 0:13:44]} O-O {[%clk 0:12:50]}
9. Bg5 {[%clk 0:13:43]} Be7 {[%clk 0:11:29]} 10. Ng3 {[%clk 0:12:50]} h6
{[%clk 0:10:45]} 11. Be3 {[%clk 0:12:53]} Re8 {[%clk 0:10:31]} 12. Re1
{[%clk 0:11:21]} Bb4 {[%clk 0:10:06]} 13. Qd3 {[%clk 0:09:52]} c6
{[%clk 0:09:28]} 14. a3 {[%clk 0:08:48]} Bxc3 {[%clk 0:09:37]} 15. bxc3
{[%clk 0:08:32]} Qa5 {[%clk 0:09:10]} 16. Bd2 {[%clk 0:08:15]} Qc7
{[%clk 0:05:40]} 17. h3 {[%clk 0:07:24]} b6 {[%clk 0:05:30]} 18. Ne4
{[%clk 0:05:33]} Nxe4 {[%clk 0:05:06]} 19. Bxe4 {[%clk 0:05:42]} Bb7
{[%clk 0:05:10]} 20. Qg3 {[%clk 0:05:08]} Kh8 {[%clk 0:04:38]} 21. Bf5
{[%clk 0:03:55]} Rad8 {[%clk 0:04:13]} 22. Re4 {[%clk 0:03:44]} Qd6
{[%clk 0:03:44]} 23. Rh4 {[%clk 0:03:36]} Qf6 {[%clk 0:03:42]} 24. Be4
{[%clk 0:03:04]} exd4 {[%clk 0:03:16]} 25. Bg5 {[%clk 0:02:59]} Qe5
{[%clk 0:03:06]} 26. Bxd8 {[%clk 0:02:27]} Qxg3 {[%clk 0:03:15]} 27. fxg3
{[%clk 0:02:34]} Rxd8 {[%clk 0:03:25]} 28. cxd4 {[%clk 0:02:36]} Nf6
{[%clk 0:03:30]} 29. Rf4 {[%clk 0:02:17]} Rxd4 {[%clk 0:03:40]} 30. Bf3
{[%clk 0:02:17]} Rd2 {[%clk 0:03:46]} 31. Re1 {[%clk 0:02:20]} Rd7
{[%clk 0:02:54]} 32. Ra4 {[%clk 0:01:53]} a6 {[%clk 0:02:57]} 33. c3
{[%clk 0:01:47]} b5 {[%clk 0:02:40]} 34. Rd4 Rc7 35. Rd8+ {[%clk 0:01:43]} Kh7
{[%clk 0:02:49]} 36. Rb8 {[%clk 0:01:26]} g6 {[%clk 0:02:56]} 37. c4
{[%clk 0:01:23]} bxc4 {[%clk 0:02:47]} 38. Rc1 {[%clk 0:00:34]} Nd7 39. Rd8
{[%clk 0:00:39]} Ne5 {[%clk 0:02:51]} 40. Be2 {[%clk 0:00:41]} c5
{[%clk 0:02:36]} 41. Bxc4 {[%clk 0:00:48]} Kg7 {[%clk 0:02:39]} 42. Rd6
{[%clk 0:00:49]} a5 {[%clk 0:02:40]} 43. Bd5 {[%clk 0:00:40]} Bc8
{[%clk 0:02:41]} 44. Kh2 {[%clk 0:00:28]} c4 {[%clk 0:02:40]} 45. Rc3
{[%clk 0:00:37]} Rc5 {[%clk 0:02:46]} 46. g4 {[%clk 0:00:29]} Kf8
{[%clk 0:02:48]} 47. Be4 {[%clk 0:00:27]} Be6 {[%clk 0:02:58]} 48. Rb6
{[%clk 0:00:31]} Ke7 {[%clk 0:02:59]} 49. Kg3 {[%clk 0:00:40]} Nd7
{[%clk 0:02:46]} 50. Ra6 {[%clk 0:00:35]} Kf6 {[%clk 0:02:53]} 51. Kf4 g5+ 52.
Ke3 {[%clk 0:00:48]} Ke5 {[%clk 0:03:13]} 53. Bf3 {[%clk 0:00:44]} Nf6
{[%clk 0:03:20]} 54. Kd2 {[%clk 0:00:30]} Kd4 {[%clk 0:02:14]} 55. Rd6+
{[%clk 0:00:26]} Nd5 {[%clk 0:02:22]} 56. Bxd5 {[%clk 0:00:29]} Bxd5
{[%clk 0:02:31]} 57. a4 {[%clk 0:00:32]} Rc7 {[%clk 0:02:05]} 58. Rd8
{[%clk 0:00:37]} Rb7 {[%clk 0:02:06]} 59. Rf3 {[%clk 0:00:42]} Rb2+
{[%clk 0:02:03]} 60. Kc1 {[%clk 0:00:51]} Re2 {[%clk 0:01:35]} 61. Rf5
{[%clk 0:00:50]} Re5 {[%clk 0:01:44]} 62. Rxe5 Kxe5 {[%clk 0:01:53]} 63. Rh8
{[%clk 0:00:32]} Bxg2 {[%clk 0:01:34]} 64. Rxh6 f6 65. h4 {[%clk 0:00:38]} gxh4
{[%clk 0:00:53]} 66. Rxh4 {[%clk 0:00:46]} Kf4 {[%clk 0:00:39]} 67. g5+
{[%clk 0:00:33]} Kxg5 {[%clk 0:00:45]} 68. Rxc4 {[%clk 0:00:42]} f5
{[%clk 0:00:53]} 69. Kd2 {[%clk 0:00:51]} f4 {[%clk 0:00:43]} 70. Rc5+
{[%clk 0:00:58]} Kg4 {[%clk 0:00:53]} 71. Rxa5 {[%clk 0:01:03]} Kg3
{[%clk 0:00:55]} 72. Rg5+ {[%clk 0:01:07]} Kf2 {[%clk 0:01:03]} 73. a5
{[%clk 0:01:15]} Bf1 {[%clk 0:01:03]} 74. Rg6 {[%clk 0:01:19]} f3
{[%clk 0:00:41]} 75. a6 {[%clk 0:01:27]} Bc4 {[%clk 0:00:44]} 76. a7
{[%clk 0:01:25]} Bd5 {[%clk 0:00:54]} 77. Rg8 {[%clk 0:01:24]} Kf1
{[%clk 0:00:33]} 78. a8=Q {[%clk 0:01:31]} Bxa8 {[%clk 0:00:42]} 79. Rxa8
{[%clk 0:01:38]} f2 {[%clk 0:00:51]} 80. Rf8 {[%clk 0:01:45]} 1-0

[Event "Rapid 2018"]
[Site "Saint-Petersburg"]
[Date "2018.12.28"]
[Round "13"]
[Board "51"]
[White "Predke Alexandr (RUS)"]
[Black "Najer Evgeniy (RUS)"]
[Result "1-0"]
[LiveChessVersion "1.4.8"]
[BlackElo "2653"]
[WhiteElo "2566"]

1. e4 {[%clk 0:15:17]} c5 {[%clk 0:15:17]} 2. Nc3 {[%clk 0:15:24]} d6
{[%clk 0:15:18]} 3. Nge2 {[%clk 0:15:31]} Nf6 {[%clk 0:15:12]} 4. g3
{[%clk 0:15:38]} g6 {[%clk 0:15:11]} 5. Bg2 {[%clk 0:15:46]} Bg7 {[%clk 0:15:18]}
6. O-O {[%clk 0:15:51]} Nc6 {[%clk 0:15:25]} 7. d3 {[%clk 0:15:59]} O-O
{[%clk 0:15:15]} 8. f4 {[%clk 0:16:05]} Rb8 {[%clk 0:15:08]} 9. h3
{[%clk 0:16:09]} Ne8 {[%clk 0:15:04]} 10. a4 {[%clk 0:15:55]} f5 {[%clk 0:14:34]}
11. Be3 {[%clk 0:15:51]} Nd4 {[%clk 0:14:35]} 12. Bf2 {[%clk 0:14:23]} Nxe2+
{[%clk 0:10:35]} 13. Qxe2 {[%clk 0:14:24]} Nc7 {[%clk 0:10:43]} 14. exf5
{[%clk 0:13:08]} gxf5 {[%clk 0:10:36]} 15. Rae1 {[%clk 0:13:12]} e6
{[%clk 0:10:16]} 16. Kh2 {[%clk 0:09:48]} Bd7 {[%clk 0:10:14]} 17. Qd2
{[%clk 0:09:48]} Bc6 {[%clk 0:09:53]} 18. d4 {[%clk 0:09:37]} Bxg2
{[%clk 0:09:53]} 19. Kxg2 {[%clk 0:09:44]} b6 {[%clk 0:09:49]} 20. Nb5
{[%clk 0:09:22]} Re8 {[%clk 0:09:14]} 21. Nxa7 {[%clk 0:08:39]} Ra8
{[%clk 0:07:22]} 22. dxc5 {[%clk 0:07:37]} dxc5 {[%clk 0:07:31]} 23. Qxd8
{[%clk 0:07:45]} Rexd8 {[%clk 0:07:40]} 24. Nb5 {[%clk 0:07:53]} Nxb5
{[%clk 0:07:43]} 25. axb5 {[%clk 0:08:01]} Kf7 {[%clk 0:07:51]} 26. g4
{[%clk 0:04:56]} Rd2 {[%clk 0:07:28]} 27. Kf3 {[%clk 0:02:01]} Rxc2
{[%clk 0:07:08]} 28. Rd1 {[%clk 0:02:10]} fxg4+ {[%clk 0:05:37]} 29. Kxg4
{[%clk 0:01:58]} Ra7 {[%clk 0:04:16]} 30. Rd6 {[%clk 0:01:46]} Rb7
{[%clk 0:04:24]} 31. Bh4 {[%clk 0:01:46]} Rc4 {[%clk 0:01:54]} 32. Kh5
{[%clk 0:01:31]} Rd4 {[%clk 0:01:48]} 33. Rxd4 {[%clk 0:00:18]} cxd4
{[%clk 0:01:57]} 34. Rd1 {[%clk 0:00:17]} Rc7 {[%clk 0:01:54]} 35. b4
{[%clk 0:00:22]} Rd7 {[%clk 0:01:37]} 36. Kg4 {[%clk 0:00:30]} Rd5
{[%clk 0:01:38]} 37. Kf3 {[%clk 0:00:24]} Rxb5 {[%clk 0:01:45]} 38. Be1
{[%clk 0:00:25]} Rh5 {[%clk 0:01:47]} 39. h4 {[%clk 0:00:28]} Rd5
{[%clk 0:01:38]} 40. Ke4 {[%clk 0:00:36]} Kg6 {[%clk 0:01:28]} 41. Rd3
{[%clk 0:00:38]} Kh5 {[%clk 0:01:26]} 42. Ra3 {[%clk 0:00:46]} d3
{[%clk 0:00:19]} 43. Bd2 {[%clk 0:00:54]} Bf6 {[%clk 0:00:18]} 44. Ra6
{[%clk 0:01:02]} Rd4+ {[%clk 0:00:24]} 45. Ke3 {[%clk 0:01:08]} Rd6
{[%clk 0:00:33]} 46. b5 {[%clk 0:00:37]} Bd8 {[%clk 0:00:21]} 47. Ke4
{[%clk 0:00:32]} Bxh4 {[%clk 0:00:12]} 48. Ke5 {[%clk 0:00:28]} Be7
{[%clk 0:00:18]} 49. Ra7 {[%clk 0:00:30]} Bf8 {[%clk 0:00:16]} 50. Ra8
{[%clk 0:00:27]} Be7 {[%clk 0:00:14]} 51. Re8 {[%clk 0:00:36]} Rd5+
{[%clk 0:00:12]} 52. Kxe6 {[%clk 0:00:43]} Bb4 {[%clk 0:00:11]} 53. Kxd5
{[%clk 0:00:26]} Bxd2 {[%clk 0:00:20]} 54. Ke4 {[%clk 0:00:30]} Bc1
{[%clk 0:00:28]} 55. Kxd3 {[%clk 0:00:16]} Bxf4 {[%clk 0:00:37]} 56. Re6
{[%clk 0:00:25]} Kg4 {[%clk 0:00:12]} 57. Rxb6 {[%clk 0:00:27]} h5
{[%clk 0:00:21]} 58. Rg6+ {[%clk 0:00:13]} Kf5 {[%clk 0:00:19]} 59. Rg8
{[%clk 0:00:20]} h4 {[%clk 0:00:29]} 60. Ke2 {[%clk 0:00:25]} Ke4
{[%clk 0:00:24]} 61. b6 {[%clk 0:00:21]} h3 {[%clk 0:00:33]} 62. Kf1
{[%clk 0:00:30]} Kf3 {[%clk 0:00:32]} 63. Rf8 {[%clk 0:00:31]} h2
{[%clk 0:00:35]} 64. Rxf4+ {[%clk 0:00:38]} Kg3 {[%clk 0:00:36]} 65. Rh4
{[%clk 0:00:44]} 1-0

[Event "Rapid 2018"]
[Site "Saint-Petersburg"]
[Date "2018.12.28"]
[Round "13"]
[Board "52"]
[White "Belyakov Bogdan (RUS)"]
[Black "Yudin Sergei (RUS)"]
[Result "0-1"]
[LiveChessVersion "1.4.8"]
[BlackElo "2643"]
[WhiteElo "2482"]

1. e4 {[%clk 0:15:17]} d6 {[%clk 0:15:19]} 2. d4 {[%clk 0:15:24]} Nf6
{[%clk 0:15:28]} 3. Nc3 {[%clk 0:15:33]} e5 {[%clk 0:15:36]} 4. Nf3
{[%clk 0:15:38]} Nbd7 {[%clk 0:15:44]} 5. Bc4 {[%clk 0:15:40]} Be7
{[%clk 0:15:52]} 6. O-O {[%clk 0:15:42]} O-O {[%clk 0:15:59]} 7. Re1
{[%clk 0:15:48]} c6 {[%clk 0:16:07]} 8. a4 {[%clk 0:15:56]} h6 {[%clk 0:16:15]}
9. h3 {[%clk 0:15:57]} Re8 {[%clk 0:16:22]} 10. Bf1 {[%clk 0:15:55]} exd4
{[%clk 0:15:59]} 11. Nxd4 {[%clk 0:16:03]} Bf8 {[%clk 0:16:08]} 12. f4
{[%clk 0:14:19]} Nc5 {[%clk 0:16:06]} 13. Qf3 {[%clk 0:13:48]} a5
{[%clk 0:14:21]} 14. Kh1 {[%clk 0:13:21]} Qb6 {[%clk 0:12:43]} 15. e5
{[%clk 0:12:03]} Nfd7 {[%clk 0:10:36]} 16. Qg3 {[%clk 0:10:10]} Kh8
{[%clk 0:04:51]} 17. Nf3 {[%clk 0:08:39]} dxe5 {[%clk 0:02:28]} 18. fxe5
{[%clk 0:08:40]} Nb8 {[%clk 0:02:35]} 19. b3 {[%clk 0:06:05]} Nba6
{[%clk 0:02:21]} 20. Be3 {[%clk 0:05:41]} Qc7 {[%clk 0:02:18]} 21. Qf2
{[%clk 0:05:36]} b6 {[%clk 0:02:15]} 22. Bc4 {[%clk 0:05:36]} Be6
{[%clk 0:02:09]} 23. Bf1 {[%clk 0:05:22]} Nb4 {[%clk 0:02:07]} 24. Rad1
{[%clk 0:05:01]} Nd5 {[%clk 0:01:44]} 25. Bd4 {[%clk 0:04:33]} Rad8
{[%clk 0:01:01]} 26. Qh4 {[%clk 0:03:37]} Be7 {[%clk 0:00:58]} 27. Qg3
{[%clk 0:03:22]} Nxc3 {[%clk 0:01:04]} 28. Bxc3 {[%clk 0:03:29]} Ne4
{[%clk 0:00:58]} 29. Rxe4 {[%clk 0:03:01]} Rxd1 {[%clk 0:01:06]} 30. Re1
{[%clk 0:03:06]} Red8 {[%clk 0:01:09]} 31. Bd3 {[%clk 0:03:11]} R1xd3
{[%clk 0:01:06]} 32. cxd3 {[%clk 0:03:17]} Rxd3 {[%clk 0:01:14]} 33. Bd2
{[%clk 0:02:50]} Qd7 {[%clk 0:01:11]} 34. Qf2 {[%clk 0:02:03]} Bc5
{[%clk 0:00:35]} 35. Be3 {[%clk 0:02:11]} Bb4 {[%clk 0:00:29]} 36. Re2
{[%clk 0:02:00]} c5 {[%clk 0:00:36]} 37. Qh4 {[%clk 0:01:59]} Kg8
{[%clk 0:00:18]} 38. Kh2 {[%clk 0:01:43]} Qd8 {[%clk 0:00:17]} 39. Bg5
{[%clk 0:01:41]} hxg5 {[%clk 0:00:21]} 40. Nxg5 {[%clk 0:01:50]} Bf5
{[%clk 0:00:28]} 41. Rf2 {[%clk 0:01:50]} Be1 {[%clk 0:00:17]} 42. Qf4
{[%clk 0:01:46]} Bxf2 {[%clk 0:00:22]} 0-1